Pokemon: Name the Generation - Statistics

General Stats
  • This quiz has been taken 34 times
  • The average score is 29 of 30
Answer Stats
Pokemon Generation % Correct
Machamp Generation 1
100%
Pikachu Generation 1
100%
Nincada Generation 3
100%
Torkoal Generation 3
100%
Linoone Generation 3
100%
Lopunny Generation 4
100%
Abomasnow Generation 4
100%
Buizel Generation 4
100%
Mudsdale Generation 7
100%
Alcremie Generation 8
100%
Kingambit Generation 9
100%
Qwilfish Generation 2
96%
Binacle Generation 6
96%
Ponyta Generation 1
93%
Graveler Generation 1
93%
Slowking Generation 2
93%
Lugia Generation 2
93%
Skarmory Generation 2
93%
Huntail Generation 3
93%
Jirachi Generation 3
93%
Klinklang Generation 5
93%
Carracosta Generation 5
93%
Tornadus Generation 5
93%
Maractus Generation 5
93%
Crustle Generation 5
93%
Garbodor Generation 5
93%
Shiinotic Generation 7
93%
Cramorant Generation 8
93%
Regieleki Generation 8
93%
Veluza Generation 9
93%
No matching quizzes found
Score Distribution
Percent of People with Each Score
Percentile by Number Answered
Your Score History
You have not taken this quiz